000 00693nam a2200205 a 4500
001 000009919
005 20240412074213.0
008 091002s1995 dr 000 0 spa d
040 _aDO-SdBNP
082 _aRD861.44
_bC569p
100 1 _aCifré Navarro, Ramón
_d1926-
_924851
245 1 0 _aPoemas póstumos e iniciales /
_cRamón Cifré Navarro; prólogo Abelardo Vicioso.
260 _aSanto Domingo :
_bCorripio,
_c1995.
300 _a75 p. :
_bil. ;
_c23 cm.
500 _aIncluye datos biográficos del autor en la contraportada del documento
650 0 _aPoesía dominicana
_966
650 0 _aLiteratura dominicana.
_967
700 1 _aVicioso, Abelardo
_epról.
_923473
049 _aBNPD
999 _c9678
_d9678